| 000 | 00812nam a2200217Ii 4500 | ||
|---|---|---|---|
| 003 | JO-AjNU | ||
| 008 | 230605s9999||||xx |||||||||||||| ||und|| | ||
| 020 | _a1-56564-316-X | ||
| 040 |
_aJO-AjNU _bara _erda _cJO-AjNU |
||
| 041 | _aara | ||
| 050 | 1 | 4 | _aB741.A42 2009 |
| 100 | 3 |
_aالعلواني، طه جابر, _eauthor _952473 |
|
| 245 | 0 | 0 | _aإصلاح الفكر الإسلامي مدخل الى نظم الخطاب في الفكر الإسلامي المعاصر |
| 250 | _aط5 | ||
| 264 | 3 | 1 | _aفيرجينيا: المعهد العالمي للفكر الاسلامي، 2009 |
| 300 | _a189ص | ||
| 336 |
_atext _btxt _2rdacontent |
||
| 337 |
_aunmediated _bn _2rdamedia |
||
| 338 |
_avolume _bnc _2rdacarrier |
||
| 650 | 4 |
_aالفلسفة الاسلامية- الثقافة الاسلامية _952474 |
|
| 999 |
_aA23246 _c26814 _d26814 |
||